[Event "Kingston Chan Memorial op"]
[Site "Kingston"]
[Date "2017.09.24"]
[Round "6"]
[White "Benjamin, Devari"]
[Black "Thorpe, Jaleel"]
[Result "0-1"]
[WhiteElo "1818"]
[BlackElo "1480"]
[PlyCount "84"]
[EventDate "2017.09.21"]
[EventType "swiss"]
[EventRounds "6"]
[EventCountry "JAM"]
[SourceTitle "EXT 2020"]
[Source "ChessBase"]
[SourceDate "2019.10.17"]
[SourceVersion "1"]
[SourceVersionDate "2019.10.17"]
[SourceQuality "1"]

1. c4 f5 2. d4 e6 3. Nf3 Nf6 4. Nc3 Be7 5. Bf4 d6 6. e3 0-0 7. d5 e5 8. Bg5 a5 9. Be2 Na6 10. 0-0 Ng4 11. Bxe7 Qxe7 12. Qd2 Rf6 13. h3 Nh6 14. Nh2 f4 15. exf4 Rxf4 16. Rfe1 Rd4 17. Qc1 Bd7 18. Bf1 Nc5 19. Nf3 Nd3 20. Bxd3 Rxd3 21. Qg5 Qf7 22. Re3 Rxe3 23. Qxe3 Rf8 24. Ng5 Qf6 25. Nce4 Qf4 26. Qxf4 Rxf4 27. Rc1 b6 28. a3 a4 29. Rc3 Nf7 30. g3 Rf5 31. Nxf7 Kxf7 32. Kg2 Kg6 33. b4 axb3 34. Rxb3 Ba4 35. Rf3 Bc2 36. Rxf5 Kxf5 37. Nd2 e4 38. f4 e3 39. Nf1 Ke4 40. f5 e2 41. Nd2+ Ke3 42. Nf3 Be4 0-1